A társulati adó kérdéséhez
Elmentve itt :
| Dokumentumtípus: | Cikk |
|---|---|
| Megjelent: |
1930
|
| Sorozat: | Polgári jog : a hazai és külföldi magánjog és hiteljog szemléje
6 |
| Kulcsszavak: | Társasági adó vita 1930 |
| Online Access: | http://misc.bibl.u-szeged.hu/5701 |
| LEADER | 00557nab a2200157 i 4500 | ||
|---|---|---|---|
| 001 | misc5701 | ||
| 005 | 20191106142624.0 | ||
| 008 | 170607s1930 hu o 0|| hun d | ||
| 040 | |a SZTE Miscellanea Repozitórium |b hun | ||
| 041 | |a hun | ||
| 245 | 0 | 2 | |a A társulati adó kérdéséhez |h [elektronikus dokumentum] |
| 260 | |c 1930 | ||
| 300 | |a 77-80b | ||
| 490 | 0 | |a Polgári jog : a hazai és külföldi magánjog és hiteljog szemléje |v 6 | |
| 695 | |a Társasági adó vita 1930 | ||
| 856 | 4 | 0 | |u http://misc.bibl.u-szeged.hu/5701/1/polgari_jog_1930_077-080b.pdf |z Dokumentum-elérés |